LDR 01387naa#a2200241#i#450# 001 RU\\bibl\123632 005 20260604002319.4 011 ## _a2076-0655 100 ## _a20260529b2026####ek#y0rusy0150####ca 101 0# _aRUS 102 ## _aRU 200 1# _aПРОГНОЗИРОВАНИЕ КОЭФФИЦИЕНТА ПОЛЗУЧЕСТИ МОДИФИЦИРОВАННЫХ СТЕКЛОКОМПОЗИТНЫХ ТРУБ _eЖурнальная статья 210 1# _aМосква _cИндивидуальный Предприниматель Самченко Светлана Васильевна _d2026 215 ## _a10 с. 606 ## _aТехника и технологии строительства. 08.06.01 _2local 608 ## _aЖурнальная статья _2local 675 ## _aИскусственные камни. Бетоны. Искусственные строительные материалы различного состава. 691.3 _zRUS 686 ## _aИзыскания и проектирование в строительстве. 382 _2bbk 686 ## _aТеоретические основы строительства. 5411 _2tbk 686 ## _aСтроительные материалы и изделия. 67.09 _2grnti 700 #1 _aШашкин _gСергей Владимирович 700 #1 _aМацеевич _gТатьяна Анатольевна 856 4# _atsilicates.ru _u